[Event "POL-chT4 Slaskie"]
[Site "Poland"]
[Date "2008.05.17"]
[Round "7.48"]
[White "Jasinska, Martyna"]
[Black "Kurcius, Ewa"]
[Result "0-1"]
[WhiteElo "1416"]
[BlackElo "1647"]
[PlyCount "41"]
[EventDate "2008.02.10"]
[EventType "team-swiss"]
[EventRounds "9"]
[EventCountry "POL"]
[SourceTitle "EXT 2019"]
[Source "ChessBase"]
[SourceDate "2018.10.10"]
[SourceVersion "1"]
[SourceVersionDate "2018.10.10"]
[SourceQuality "1"]

1. e4 c5 2. Nf3 e6 3. d4 cxd4 4. Nxd4 Nf6 5. Nc3 Nc6 6. Be3 Bb4 7. Bb5 Nxe4 8. Nde2 Qa5 9. Qd3 Nxc3 10. bxc3 Be7 11. 0-0 Ne5 12. Qd4 Qxb5 13. c4 Qa5 14. f4 Ng6 15. Qxg7 Qd8 16. Qh6 Bf8 17. Qh5 Qh4 18. Qf3 h5 19. f5 Ne5 20. Qg3 Qxg3 21. Nxg3 0-1

[Event "POL-chT4 Slaskie"]
[Site "Poland"]
[Date "2008.02.24"]
[Round "4.24"]
[White "Jasinska, Martyna"]
[Black "Mleko, Karolina"]
[Result "0-1"]
[WhiteElo "1416"]
[BlackElo "1635"]
[PlyCount "56"]
[EventDate "2008.02.10"]
[EventType "team-swiss"]
[EventRounds "9"]
[EventCountry "POL"]
[SourceTitle "EXT 2019"]
[Source "ChessBase"]
[SourceDate "2018.10.10"]
[SourceVersion "1"]
[SourceVersionDate "2018.10.10"]
[SourceQuality "1"]

1. e4 c5 2. Nf3 Nc6 3. d4 cxd4 4. Nxd4 Nf6 5. Nc3 e5 6. Nf3 Bb4 7. Bd3 d5 8. exd5 Nxd5 9. Bd2 Nxc3 10. Bxc3 Bxc3+ 11. bxc3 0-0 12. 0-0 Qa5 13. Qe1 Re8 14. Qe4 f5 15. Bc4+ Kh8 16. Qh4 Nd8 17. Ng5 h6 18. Rad1 Be6 19. Bxe6 Nxe6 20. Nxe6 Rxe6 21. Qh5 Rf6 22. Rd7 Rd8 23. Rfd1 Rff8 24. Qg6 Rg8 25. Qxf5 Rxd7 26. Qxd7 Qxc3 27. g4 Qxc2 28. Qd3 Qxa2 0-1

[Event "POL-chT3 U19 Slaska"]
[Site "Slask"]
[Date "2007.02.10"]
[Round "4.11"]
[White "Jasinska, Martyna"]
[Black "Pacak, Patrycja"]
[Result "0-1"]
[WhiteElo "1400"]
[BlackElo "1695"]
[PlyCount "86"]
[EventDate "2007.01.27"]
[EventType "team-tourn"]
[EventRounds "11"]
[EventCountry "POL"]
[SourceTitle "EXT 2019"]
[Source "ChessBase"]
[SourceDate "2018.10.10"]
[SourceVersion "1"]
[SourceVersionDate "2018.10.10"]
[SourceQuality "1"]
[WhiteTeam "Katowice Hetman Szopienice U19"]
[BlackTeam "Czestochowa UKS Hetman U19 II"]
[WhiteTeamCountry "POL"]
[BlackTeamCountry "POL"]

1. e4 e6 2. d4 d5 3. e5 c5 4. c3 Qb6 5. Be3 cxd4 6. cxd4 Qxb2 7. Nd2 Nc6 8. Ngf3 Bb4 9. Be2 Bxd2+ 10. Bxd2 Nxd4 11. 0-0 Nxf3+ 12. Bxf3 Qxe5 13. Qa4+ Bd7 14. Qb4 Qc7 15. Rac1 Bc6 16. Rfe1 Ne7 17. Bf4 Qd7 18. Be5 0-0 19. Qg4 f6 20. Bf4 e5 21. Qxd7 Bxd7 22. Rc7 Bc6 23. Rxe7 exf4 24. Rc7 Rfe8 25. Rd1 Re5 26. h3 Rae8 27. Kf1 Bb5+ 28. Kg1 Re1+ 29. Rxe1 Rxe1+ 30. Kh2 Bc6 31. Rc8+ Kf7 32. Rd8 Ke7 33. Ra8 a6 34. Rh8 d4 35. Bxc6 bxc6 36. Rxh7 Kf7 37. Rh4 d3 38. Rxf4 d2 39. Rd4 d1Q 40. Rxd1 Rxd1 41. Kg3 Ra1 42. Kf3 Rxa2 43. Ke3 a5 0-1

[Event "POL-chT3 U19 Slaska"]
[Site "Slask"]
[Date "2007.02.10"]
[Round "3.29"]
[White "Labedz, Patrycja"]
[Black "Jasinska, Martyna"]
[Result "1-0"]
[WhiteElo "1881"]
[BlackElo "1400"]
[PlyCount "33"]
[EventDate "2007.01.27"]
[EventType "team-tourn"]
[EventRounds "11"]
[EventCountry "POL"]
[SourceTitle "EXT 2019"]
[Source "ChessBase"]
[SourceDate "2018.10.10"]
[SourceVersion "1"]
[SourceVersionDate "2018.10.10"]
[SourceQuality "1"]
[WhiteTeam "Jaworzno JKSz MCKiS U19 II"]
[BlackTeam "Katowice Hetman Szopienice U19"]
[WhiteTeamCountry "POL"]
[BlackTeamCountry "POL"]

1. e4 c5 2. Nf3 d6 3. d4 cxd4 4. Nxd4 Nf6 5. Nc3 g6 6. f3 Bg7 7. Be3 0-0 8. Qd2 Re8 9. 0-0-0 Bd7 10. g4 Bc6 11. h4 a6 12. Bh6 Bh8 13. h5 e5 14. Nxc6 Nxc6 15. hxg6 fxg6 16. Bc4+ d5 17. Nxd5 1-0